Quizzes
Events
Quiz Creation
Community
Videos
Private Events
Remove Ads
Sign In
Join for FREE
Feedback
Dark Mode
Quiz Categories
Sports
Geography
Music
Movies
Television
Just For Fun
Miscellaneous
History
Literature
Language
Science
Gaming
Entertainment
Religion
Holiday
For Kids
Quiz Lab
Recent
Popular Today
Quiz Kudos Today
Editor Picks
Curator Picks
Quizzes by...
Day
Popularity
Type
Ratings
Length
Year
Community
Subscriptions
Recent Discussions
Orange Saloon
Badges
Playlists
Quests
Create
Leaderboards
Showdown
Live 5
Trivia Bingo
Activity
Puzzle Library
Sporcle Events
Private Events
Virtual Trivia
Globe League
Become a Host
Pub Owners
SporcleCon
Opinionation
Our Games
Videos
Blog
Mobile Apps
Partnerships
Remove Ads and Go Orange
Feedback
Geography
Country
Landmarks
City
State
Population
World
Capital
Continent
Flags
Europe
Africa
Asia
South America
North America
Oceania
Border
Canada
United Kingdom
Topography
United States
Geography
Country
Landmarks
City
State
Population
World
Capital
Continent
Flags
Europe
Africa
Asia
South America
North America
Oceania
Border
Canada
United Kingdom
Topography
United States
Random Quiz
Search Sporcle
×
Quiz Lab
Quiz Lab
Geography
Capital
Type in answers that appear in a list
Type in answers that appear in a list
Classic
Best Score? Go Orange.
World Capitals by Longitude Stats
Can you name the World Capitals by Longitude?
By
ha_ehk
5m
32 Questions
79 Plays
79 Plays
79 Plays
Comments
Comments
Give Quiz Kudos
Give Quiz Kudos
-
- Ratings
hide this ad
Forced Order
Answers have to be entered in order
Answers have to be entered in order
Replay
Link that replays current quiz
Next Quiz
Link to next quiz in quiz playlist
You Got
0%
They Got
Avg Score
80%
Avg Friend Score
Upgrade to see
Score Distribution
Jump to the score distribution portion of the page
Score
0/32
Timer
05:00
0
Plays Today
Longitude Range
Capital
% Correct
0 W/
E -
5 E
Algiers, Amsterdam, Andorra La Vella…
98.7%
10 W -
0 W/
E
Accra, Bamako, Dublin…
94.9%
10 E -
15 E
Berlin, Copenhagen, Ljubljana…
94.9%
35 E -
40 E
Addis Ababa, Amman, Asmara…
92.4%
5 E -
10 E
Abuja, Bern, Libreville…
91.1%
30 E -
35 E
Ankara, Cairo, Harare…
91.1%
15 E -
20 E
Bangui, Bratislava, Brazzaville…
89.9%
80 W -
70 W
Bogota, Kingston, Lima…
88.6%
20 E -
25 E
Athens, Belgrade, Helsinki…
88.6%
70 E -
80 E
Astana, Bishkek, Islamabad…
86.1%
25 E -
30 E
Bucharest, Bujumbura, Chisinau…
84.8%
40 E -
50 E
Antananarivo, Baghdad, Baku…
84.8%
50 E -
60 E
Abu Dhabi, Doha, Manama…
83.5%
70 W -
60 W
Basseterre, Caracas, Castries…
82.3%
30 W -
20 W
Praia, Reykjavik
82.3%
60 W -
50 W
Asuncion, Bridgetown, Buenos Aires…
81%
Longitude Range
Capital
% Correct
100 E -
110 E
Bangkok, Hanoi, Jakarta…
81%
100 W -
90 W
Guatemala City, Mexico City
78.5%
90 W -
80 W
Belmopan, Havana, Managua…
78.5%
20 W -
10 W
Bissau, Conakry, Dakar...
77.2%
60 E -
70 E
Dushanbe, Kabul, Tashkent…
77.2%
50 W -
40 W
Brasilia
75.9%
110 E -
120 E
Bandar Seri Begawan, Beijing
74.7%
130 E -
140 E
Melekeok, Tokyo
74.7%
80 E -
90 E
Kathmandu, Thimphu
73.4%
90 E -
100 E
Dhaka, Naypyidaw
73.4%
180 W -
170 W
Apia, Nuku'alofa
72.2%
120 E -
130 E
Dili, Manila, Pyongyang…
72.2%
150 E -
160 E
Canberra, Honiara, Palikir
70.9%
170 E -
180 E
Funafuti, Majuro, Suva…
63.3%
140 E -
150 E
Port Moresby
62%
160 E -
170 E
Port Vila, Yaren
43%
Quiz Playlist
Details
Report
Send in Message
Add To Playlist
Classic:
Type in answers that appear in a list
Forced Order:
Answers have to be entered in order
Last Updated: Feb 16, 2017
Quiz Scoreboard
CHALLENGE
Sign Up to Join the Scoreboard
Show All
Scores
Hide
Comments
May contain spoilers
Recently Published
Presidents Visiting Landmarks
by Hejman
History
7m
An Introduction to Baseball
by treessimontrees
Sports
5m
Movies - When Are They Set?
by FPL_Elf
Movies
5m
More to Explore
Quiz From the Vault
Featured Blog Post
Where Did the Easter Bunny Come From?
hide this ad
You Might Also Like...
Tags
Capital Quiz
World Quiz
longitude
range
Today's Top Quizzes in Geography
Browse Geography
hide this ad
Today's Top Quizzes in Capital
Browse Capital
Top Contributed Quizzes in Geography
1
Countries of the World - No Outlines Minefield
2
Top 25 Cities of France on a map
3
Any capital of a 'B' country per Continent
4
Closest Countries to UK A-Z
5
Any capital of a 'C' country per Continent
6
One Thing in Common: United Kingdom
7
Any capital of a 'D' country per Continent
8
5-to-1: US Geography No Hints
9
Any capital of an 'E' country per Continent
10
Find the Provinces of Canada - No Outlines Minefield
Explore More
Trending Topics
Crossword
Harry Potter
NBA
Kpop
Marvel
Anime
Disney
Soccer
Puzzle
Song
The Office
WWE
Pokémon
Country
NFL
hide this ad
More By:
ha_ehk
Quiz
Plays
Rating
Category
Featured
Created
Coldest Countries on Earth
241,816
4.55
Geography
May 28, 2010
Hottest Countries on Earth
142,055
4.52
Geography
May 29, 2010
Coldest World Capitals
9,619
4.60
Geography
Oct 11, 2011
Hardest Pokémon To Catch
5,549
4.32
Gaming
Mar 18, 2010
Team Rocket Pokémon
5,121
3.73
Gaming
Mar 30, 2010
Go to Creator's Profile
Score Distribution
Quiz Creator Spotlight
ha_ehk
Follow
Send a Message
Quizzes Created
-
Created Quiz Play Count
-
More By This Creator
Popular Quizzes Today
1
Find the US States - No Outlines Minefield
2
Find the Countries of Europe - No Outlines Minefield
3
The Countries of the World
4
Find the US States
5
Popular People in 1961
6
US States
7
Risky Map Clicking: Biggest States A-Z
8
Movies - When Are They Set?
More Geography Quizzes
On a Map: North America
Published
Trending Quizzes
Risky Map Clicking: Least Populous States A-Z
1-10 Letter G Words
1-10 Letter F Words
Risky Map Clicking: Next State Alphabetically
Risky Map Clicking: Biggest States A-Z
Recently Updated
Leaping Animals
pecheneg
Reality TV Shows (A-Z)
bhenderson79
Rickey Henderson's Hall of Fame Teammates
pecheneg
Champions League XIs: Arsenal
pecheneg
Quick Pick: Celebrities in WWE's Hall of Fame
aduchscher
A-Z Keypad Blitz II
pecheneg
Multiple Oscar Actors
pecheneg
Mystery Phrase Blitz: Oscar 'Best Actors'
pecheneg
F. Scott Fitzgerald Novels
LTH
Pick 3 Villains
ddd62291
Trending Topics
Crossword
NBA
Marvel
Harry Potter
Disney
Anime
Kpop
Pokémon
The Office
WWE
Country
Soccer
Song
Puzzle
NFL
Your Account Isn't Verified!
In order to create a playlist on Sporcle, you need to verify the email address you used during registration. Go to your
Sporcle Settings
to finish the process.
Report this User
Report this user for behavior that violates our
Community Guidelines
.
Details:
Send Report
Go to the Sporcle.com Mobile Site →
Comments